Obras selectas (Registro nro. 1926)

Detalles MARC
000 -CABECERA
Longitud fija campo de control 00838nam a2200265Ia 4500
005 - • FECHA Y HORA DE LA ÚLTIMA TRANSACCIÓN
Fecha y hora de la última transacción 20220316235720.0
008 - • CÓDIGOS DE INFORMACIÓN DE LONGITUD FIJA
Códigos de información de longitud fija 121119s1997 ck gr 000 0 spa
020 ## - • NÚMERO INTERNACIONAL NORMALIZADO PARA LIBROS
Número Internacional Normalizado para Libros (ISBN) 8476729200
041 1# - • CÓDIGO DE LENGUA
Código de lengua del texto/banda sonora o título independiente spa
040 ## - FUENTE DE LA CATALOGACIÓN
Centro catalogador de origen CO-BoRNBP
Lengua de catalogación spa
Normas de descripción rda
Centro transcriptor CO-BoRNBP
084 ## - • Clasificación Local Alfanúmerica PNLB
Número de clasificación P GIB1
100 1# - • PUNTO DE ACCESO PRINCIPAL-NOMBRE DE PERSONA
Nombre de persona Gibran, Khalil
Fechas asociadas al nombre 1883-1931
245 10 - • TITULO PROPIAMENTE DICHO
Título Obras selectas
Mención de responsabilidad, etc. Khalil Gibran ; traducción, Fath Al-Santott
250 ## - • MENCIÓN DE EDICIÓN
Mención de edición Primera edición
264 ## - PRODUCCIÓN, PUBLICACIÓN , DISTRIBUCIÓN, FABRICACIÓN Y COPYRIGHT
Lugar de producción, publicación, distribución, fabricación Medellín
Nombre del productor, editor, distribuidor, fabricante Cometa de papel
Fecha de de producción, publicación, distribución, fabricación o copyright 1997
300 ## - • DESCRIPCIÓN FÍSICA
Extensión 68 páginas
336 ## - TIPO DE CONTENIDO
Término de tipo de contenido texto
Código de tipo de contenido txt
Fuente rdacontent
337 ## - TIPO DE MEDIO
Nombre del tipo de medio sin mediación
Código del tipo de medio n
Fuente rdamedia
338 ## - TIPO DE SOPORTE
Nombre del tipo de soporte volumen
Código del tipo de soporte nc
Fuente rdacarrier
600 14 - • PUNTO DE ACCESO ADICIONAL DE MATERIA - NOMBRE DE PERSONA
Nombre de persona Gibrán, Kahlil
Fechas asociadas al nombre 1883-1931
Subdivisión de forma (R ) Colecciones de escritos
650 14 - • PUNTO DE ACCESO ADICIONAL DE MATERIA - TÉRMINO DE MATERIA
Término de materia o nombre geográfico como elemento inicial Cartas libanesas
Fuente del encabezamiento o término LEMB
650 14 - • PUNTO DE ACCESO ADICIONAL DE MATERIA - TÉRMINO DE MATERIA
Término de materia o nombre geográfico como elemento inicial Literatura libanesa
Fuente del encabezamiento o término LEMB
700 1# - • PUNTO DE ACCESO ADICIONAL - NOMBRE DE PERSONA
Nombre de persona Al-Santott, Fath
Término indicativo de función traductor
942 ## - ENTRADA DE ELEMENTOS AGREGADOS (KOHA)
Fuente de clasificaión o esquema
Koha [por defecto] tipo de item Libro Literatura
Existencias
Perdido Fuente de clasificación o esquema Estado Físico No para préstamo Forma de adquisición Localización permanente Localización actual Localización en estanterías Fecha adquisición Préstamos totales Signatura completa Código de barras Fecha última consulta Número de copia Fecha del precio de reemplazo Tipo de item de Koha Número de registro
  Dewey Decimal Classification     Colección General Biblioteca Pública Cubarral Biblioteca Pública Cubarral Literatura 08/02/2023   P GIB1 CUB01868 08/02/2023 Ej.1 08/02/2023 Libro Literatura  
  Dewey Decimal Classification     Colección General Biblioteca Pública Fuentedeoro - Henry Llanos García Biblioteca Pública Fuentedeoro - Henry Llanos García Literatura 08/01/2023   P GIB1 Fo01504 08/01/2023 Ej.1 08/01/2023 Libro Literatura  
  Dewey Decimal Classification     Colección General Biblioteca Pública Lejanias Biblioteca Pública Lejanias General 01/21/2026   P GIB1 LEJ01860 01/21/2026 Ej.1 01/21/2026 Libro Literatura  
  Dewey Decimal Classification     Colección General Biblioteca Pública El Castillo - Alfonso Meneses Biblioteca Pública El Castillo - Alfonso Meneses Literatura 07/26/2023   P GIB1 EC02288 07/26/2023 Ej.1 07/26/2023 Libro Literatura  
  Dewey Decimal Classification     Colección General Biblioteca Pública Guamal Biblioteca Pública Guamal Literatura 02/08/2023   P GIB1 GUA000835 02/08/2023 Ej.1 02/08/2023 Libro Literatura  
  Dewey Decimal Classification       Biblioteca Pública Mesetas - Franco lodo Poloxi Biblioteca Pública Mesetas - Franco lodo Poloxi Literatura 11/18/2024   P GIB1 ME000576 11/18/2024 Ej.1 11/18/2024 Libro Literatura 8476729200
  Dewey Decimal Classification       Biblioteca Pública Vistahermosa Biblioteca Pública Vistahermosa   05/09/2025   P GIB1 VIST 0001931 05/09/2025 Ej.1 05/09/2025 Libro Literatura P GIB1









Instituto Departamental de Cultura del Meta - Red Departamental de Bibliotecas Públicas del Meta.